<?xml version="1.0" encoding="UTF-8"?>
<collection xmlns="http://www.loc.gov/MARC21/slim">
 <record>
  <leader>     na                 </leader>
  <controlfield tag="001">INLIS000000000005309</controlfield>
  <controlfield tag="005">20221101050228</controlfield>
  <datafield tag="035" ind1=" " ind2=" ">
   <subfield code="a">0010-0520005309</subfield>
  </datafield>
  <controlfield tag="008">221101                |          | ind  </controlfield>
  <datafield tag="020" ind1=" " ind2=" ">
   <subfield code="a">9792458174</subfield>
  </datafield>
  <datafield tag="041" ind1=" " ind2=" ">
   <subfield code="a">ind</subfield>
  </datafield>
  <datafield tag="082" ind1=" " ind2=" ">
   <subfield code="a">343.099 8</subfield>
  </datafield>
  <datafield tag="084" ind1=" " ind2=" ">
   <subfield code="a">343.099 8 SAM h</subfield>
  </datafield>
  <datafield tag="100" ind1="0" ind2=" ">
   <subfield code="a">Samsul Wahidin</subfield>
  </datafield>
  <datafield tag="245" ind1="1" ind2=" ">
   <subfield code="a">Hukum Pers /</subfield>
   <subfield code="c">Samsul Wahidin</subfield>
  </datafield>
  <datafield tag="250" ind1=" " ind2=" ">
   <subfield code="a">Cet.1</subfield>
  </datafield>
  <datafield tag="260" ind1=" " ind2=" ">
   <subfield code="a">Yogyakarta :</subfield>
   <subfield code="b">Lembaga Studi Agama dan Filsafat,</subfield>
   <subfield code="c">2006</subfield>
  </datafield>
  <datafield tag="300" ind1=" " ind2=" ">
   <subfield code="a">x, 246 hlm.; 21 cm ;</subfield>
   <subfield code="c">21 cm</subfield>
  </datafield>
  <datafield tag="520" ind1=" " ind2=" ">
   <subfield code="a">Buku ini menceritakan bagaimana Amerika berubah dari republik yang dihormati menjadi kerajaan yang ditakuti. Dalam cerita pribadi yang memukau ini, Perkins menceritakan perjuangan pribadinya dari seorang pelayan kerajaan menjadi pejuang yang gigih untuk hak asasi manusia dan orang-orang tertindas. Sebagai hasil rekruitmen terselubung oleh United States National Security Agency dan tercantum sebagai penerima gaji dari perusahaan konsultan internasional, dia berkelana ke berbagai pelosok dunia-ke Indonesia, Panama, Ekuador, Kolombia, Saudi Arabia, Iran dan negara strategis lainnya. Pekerjaannya adalah menerapkan kebijakan yang mempromosikan kepentingan korporatokrasi (koalisi pemerintah, bank dan korporasi) Amerika Serikat, sambil menyatakan minat mengurangi kemiskinan-suatu kebijakan yang sebenarnya mengasingkan berbagai bangsa serta menyebabkan peristiwa 11 September dan meningkatkan Anti-Amerika.Cerita dari Perkins menjelaskan seberapa jauh dia dan teman-temannya yang mereka sebut sebagai Economic Hit Man bersedia terlibat. Dia menerangkan, misalnya bagaimana dia membantu penerapan skema yang akan mengucurkan jutaan dolar dari Saudi Arabia kembali le ekonomi Amerika Serikat, sekaligus juga mempererat hubungan fundamentalis di Saudi Arabia dengan pemerintah Amerika. Perkins memaparkan berbagai cara tersebunyi dari kerajaan untuk mengendalikan sejumlah peristiwa dramatis dalam sejarah, seperti kejatuhan Shah Iran, kematian presiden Panama Omar Torrijos, dan invasi Amerika ke Panama dan Irak. Confessions of an economic hit man-yang diperingatkan oleh banyak orang agar tidak ditulis-mengemukakan pengetahuan tentang sistem yang memacu globalisasi dan memicu kemiskinan jutaan manusia di seluruh dunia.</subfield>
  </datafield>
  <datafield tag="650" ind1=" " ind2="4">
   <subfield code="a">Hukum Pers</subfield>
  </datafield>
  <datafield tag="650" ind1=" " ind2="4">
   <subfield code="a">Hukum dan Peraturan</subfield>
  </datafield>
  <datafield tag="990" ind1=" " ind2=" ">
   <subfield code="a">08512/MKRI-P/XII-2008</subfield>
  </datafield>
  <datafield tag="990" ind1=" " ind2=" ">
   <subfield code="a">08511/MKRI-P/XII-2008</subfield>
  </datafield>
  <datafield tag="990" ind1=" " ind2=" ">
   <subfield code="a">08512/MKRI-P/XII-2008</subfield>
  </datafield>
  <datafield tag="990" ind1=" " ind2=" ">
   <subfield code="a">08511/MKRI-P/XII-2008</subfield>
  </datafield>
  <datafield tag="990" ind1=" " ind2=" ">
   <subfield code="a">08511/MKRI-P/XII-2008</subfield>
  </datafield>
  <datafield tag="990" ind1=" " ind2=" ">
   <subfield code="a">08512/MKRI-P/XII-2008</subfield>
  </datafield>
 </record>
</collection>
